La Sierra de Gredos / (Registro nro. 74129)

Detalles MARC
000 -LEADER
campo de control de longitud fija 00487nam a2200181 i 4500
001 - NÚMERO DE CONTROL
campo de control 74129
003 - IDENTIFICADOR DE NÚMERO DE CONTROL
campo de control ES-MaACL
005 - FECHA Y HORA DE LA ÚLTIMA TRANSACCIÓN
campo de control 20230906172028.0
007 - CAMPO FIJO DE DESCRIPCIÓN FÍSICA--INFORMACIÓN GENERAL
campo de control de longitud fija t|
008 - DATOS DE LONGITUD FIJA--INFORMACIÓN GENERAL
campo de control de longitud fija 040915s1914 sp ||||1| spa d
100 1# - ENTRADA PRINCIPAL--NOMBRE DE PERSONA
Nombre de persona González, Ramón.
9 (RLIN) 58376
245 13 - MENCIÓN DEL TÍTULO
Título La Sierra de Gredos /
Mención de responsabilidad, etc. Ramón González.
260 ## - PUBLICACIÓN, DISTRIBUCIÓN, ETC.
Lugar de publicación, distribución, etc. Madrid :
Nombre del editor, distribuidor, etc. [s.n.,
Fecha de publicación, distribución, etc. 1914]
490 1# - MENCIÓN DE SERIE
Mención de serie Sociedad Gredos-Tormes
830 0# - PUNTO DE ACCESO ADICIONAL DE SERIE-TÍTULO UNIFORME
Título uniforme Sociedad Gredos-Tormes
9 (RLIN) 231198
852 ## - LOCALIZACIÓN
Ubicación ES-MaACL
Número de control de estantería T-1404-F-5
Existencias
Estatus retirado Estado de pérdida Estado de daño No para préstamo Colección Biblioteca de origen Biblioteca actual Ubicación en estantería Fecha de adquisición Fuente de adquisición Total de préstamos Signatura topográfica completa Código de barras Visto por última vez Precio de reemplazo Tipo de ítem Koha
        Colección de folletos Biblioteca del Ateneo de Madrid Biblioteca del Ateneo de Madrid Depósito folletos 17/01/2008     T-1404-F-5 1077596 23/02/2023 23/02/2023 Folleto